000 01121nam0a22003011 4500
001 rc\1173262
005 20260607030136.0
035 _a(NLR Aleph) 006416115
090 _a5398513
_c5398513
100 _a20041129d1980 |||y0rusy50 ca
101 0 _arus
102 _aRU
105 _ay |||||||||
200 1 _aПутеводная звезда
_eПьесы
_e[Пер. с узб.]
_fКамиль Яшен
205 _aПереизд.
210 _aТашкент
_cИзд-во лит. и искусства
_d1980
215 _a555 с.
_d20
327 1 _aСодерж.: Путеводная звезда; Моя Бухара; Нурхон; Дилярам
464 0 _12001#$aПутеводная звезда
_tПутеводная звезда
464 0 _12001#$aМоя Бухара
_tМоя Бухара
464 0 _12001#$aНурхон
_tНурхон
464 0 _12001#$aДилярам
_tДилярам
700 1 _8rus
_7ca
_aЯшен
_bК.
_f1909-1997
_gКамиль
_3RU\NLR\AUTH\7716955
_947
801 0 _aRU
_bNLR
_gpsbo
801 1 _aRU
_bELAR
_2rusmarc
852 _aNLR
_j80-3/5435
942 _cBOOK
980 _aNB